[Event "C.to Provinciale BG"]
[Site "Bergamo ITA"]
[Date "2004.11.07"]
[Round "6"]
[White "Gerali, Paolo"]
[Black "Nasoni, Paolo"]
[Result "1-0"]
[WhiteElo "1611"]
[BlackElo "1865"]
[PlyCount "67"]
[EventDate "2004.10.08"]

1. d4 Nf6 2. c4 g6 3. g3 Bg7 4. Bg2 d5 5. cxd5 Nxd5 6. e4 Nb6 7. Ne2 O-O 8.
Nbc3 c6 9. O-O e5 10. d5 cxd5 11. exd5 Bd7 12. b3 Na6 13. Ba3 Re8 14. Qd2 f5
15. Rac1 Nc8 16. d6 Rb8 17. Nd5 Bc6 18. Nb4 Bd7 19. Nxa6 bxa6 20. Bd5+ Kh8 21.
Bc4 Qf6 22. Bxa6 Nxd6 23. Bxd6 Rb6 24. Bxe5 Qxe5 25. Qxd7 Rxa6 26. Rc8 Rae6 27.
Nf4 R6e7 28. Rxe8+ Rxe8 29. Qxa7 g5 30. Nd3 Qe2 31. Re1 Qxe1+ 32. Nxe1 Rxe1+
33. Kg2 Re4 34. Qa8+ 1-0

[Event "C.to Provinciale BG"]
[Site "Bergamo ITA"]
[Date "2004.11.12"]
[Round "6"]
[White "Impellizzeri, Francesco"]
[Black "Biava, Pierluigi"]
[Result "1/2-1/2"]
[WhiteElo "1658"]
[BlackElo "1679"]
[PlyCount "86"]
[EventDate "2004.10.08"]

1. d4 Nf6 2. c4 e6 3. Nc3 d5 4. cxd5 exd5 5. Bg5 Be7 6. e3 c6 7. Bd3 h6 8. Bh4
Qb6 9. Qc2 Nbd7 10. Nf3 a6 11. h3 g5 12. Bg3 Nh5 13. Bh2 Nhf6 14. g4 Nf8 15.
O-O-O Ne6 16. Ne5 Bd7 17. Bf5 Rc8 18. Kb1 Qa7 19. Qd3 b5 20. f4 Qb7 21. Rc1 a5
22. Rc2 a4 23. Rhc1 O-O 24. fxg5 hxg5 25. h4 Rfd8 26. hxg5 Nxg5 27. Bf4 Nfe4
28. Bxd7 Rxd7 29. Nxd7 Qxd7 30. Nxb5 c5 31. dxc5 Nxc5 32. Rxc5 Bxc5 33. Bxg5
Qxg4 34. Bf6 Qe6 35. Rg1+ Kf8 36. Bg7+ Ke7 37. Nd4 Qe4 38. Qxe4+ dxe4 39. Rg4
f5 40. Nxf5+ Ke6 41. Nd4+ Kd5 42. Rg5+ Kc4 43. Rg1 Kd3 1/2-1/2

[Event "C.to Provinciale BG"]
[Site "Bergamo ITA"]
[Date "2004.11.12"]
[Round "6"]
[White "Locatelli, Alberto"]
[Black "Gualdi, Paolo"]
[Result "0-1"]
[WhiteElo "1580"]
[BlackElo "1529"]
[PlyCount "86"]
[EventDate "2004.10.08"]

1. e4 d6 2. Nc3 g6 3. Bc4 Bg7 4. Qf3 e6 5. a3 Nf6 6. Nge2 O-O 7. b3 Nbd7 8. d4
e5 9. Be3 exd4 10. Bxd4 Ne5 11. Bxe5 dxe5 12. Rd1 Qe7 13. Nd5 Nxd5 14. Bxd5 c6
15. Bc4 Qxa3 16. O-O Qe7 17. Rd2 Bh6 18. Rdd1 Be6 19. Qc3 Bxc4 20. Qxc4 Rfd8
21. Ra1 Rd2 22. Rfe1 Qc7 23. Nc1 Rd4 24. Qc3 Bxc1 25. Rexc1 Rxe4 26. f3 Qb6+
27. Kh1 Re2 28. Qd3 Qf2 29. Rg1 Rxc2 30. Raf1 Rd2 31. Qb1 Qd4 32. Re1 Rd8 33.
h3 f6 34. b4 Rb2 35. Qa1 Rd2 36. Qb1 Qb6 37. Rgf1 Qb5 38. Rc1 Re2 39. Kh2 Rdd2
40. Rg1 Qd3 41. Qa1 Qxf3 42. Rcd1 Rxg2+ 43. Kh1 Rgf2+ 0-1

[Event "C.to Provinciale BG"]
[Site "Bergamo ITA"]
[Date "2004.11.12"]
[Round "6"]
[White "Longo, Pietro"]
[Black "Paulicelli, Domenico"]
[Result "1-0"]
[WhiteElo "1757"]
[BlackElo "1580"]
[PlyCount "79"]
[EventDate "2004.10.08"]

1. e4 c5 2. Nf3 Nc6 3. d4 cxd4 4. Nxd4 e5 5. Nb5 d6 6. c4 Be7 7. N1c3 Nf6 8.
Bg5 a6 9. Bxf6 gxf6 10. Na3 Qb6 11. Qd2 Bg4 12. Nd5 Qd8 13. Nc2 O-O 14. Be2
Bxe2 15. Qxe2 Kh8 16. O-O Rg8 17. f4 Rg6 18. b4 exf4 19. Rxf4 Ne5 20. Nce3 Bf8
21. Raf1 Bg7 22. Nf5 Rc8 23. Nde7 Rxc4 24. Nxg6+ fxg6 25. Nxg7 Qb6+ 26. Qf2
Qxf2+ 27. R4xf2 Kxg7 28. Rxf6 Rxe4 29. Rxd6 Rxb4 30. Re1 Nc6 31. Re2 a5 32. h3
a4 33. g4 Na5 34. g5 Nc4 35. Rd7+ Kf8 36. Rxh7 b5 37. h4 Rb1+ 38. Kg2 Rb2 39.
Rxb2 Nxb2 40. Rb7 1-0

[Event "C.to Provinciale BG"]
[Site "Bergamo ITA"]
[Date "2004.11.12"]
[Round "6"]
[White "Mora, Aldo"]
[Black "Pezzotta, Gianfranco"]
[Result "1/2-1/2"]
[WhiteElo "1476"]
[BlackElo "1580"]
[PlyCount "51"]
[EventDate "2004.10.08"]

1. e4 e6 2. Qe2 Nc6 3. Nf3 Nge7 4. a3 Ng6 5. g3 Bc5 6. b4 Bb6 7. Bg2 O-O 8. O-O
Nd4 9. Nxd4 Bxd4 10. c3 Bb6 11. d4 c6 12. a4 a6 13. Na3 d6 14. Nc4 Bc7 15. a5
Re8 16. e5 Rb8 17. h4 dxe5 18. dxe5 Bd7 19. Bg5 Ne7 20. Rfd1 h6 21. Bf4 Nd5 22.
Bd2 Qe7 23. Ne3 Bxe5 24. Nxd5 exd5 25. Qd3 Qf6 26. Re1 1/2-1/2

[Event "C.to Provinciale BG"]
[Site "Bergamo ITA"]
[Date "2004.11.12"]
[Round "6"]
[White "Mora, Lorenzo"]
[Black "Fiorona, Gianpietro"]
[Result "1/2-1/2"]
[WhiteElo "1865"]
[BlackElo "1658"]
[PlyCount "112"]
[EventDate "2004.10.08"]

1. d4 Nf6 2. c4 c5 3. d5 b5 4. cxb5 a6 5. bxa6 Bxa6 6. Nc3 d6 7. Nf3 g6 8. g3
Bg7 9. Bg2 O-O 10. O-O Nbd7 11. Re1 Ng4 12. e4 Ra7 13. Qc2 Nge5 14. Nxe5 Nxe5
15. Bf4 Nd3 16. Red1 Nxf4 17. gxf4 Qa5 18. Re1 Bxc3 19. Qxc3 Qxc3 20. bxc3 Bc4
21. e5 Rxa2 22. Rab1 Rd2 23. Rb7 Bxd5 24. Rxe7 Bxg2 25. Kxg2 dxe5 26. R1xe5 Rc8
27. Re8+ Rxe8 28. Rxe8+ Kg7 29. Re3 c4 30. Re4 Kf6 31. Rxc4 Kf5 32. Kg3 Rd3+
33. f3 h5 34. h4 Rd1 35. Rc5+ Ke6 36. c4 Rg1+ 37. Kh2 Rf1 38. Kg2 Rc1 39. f5+
gxf5 40. Kg3 Rg1+ 41. Kf4 Rh1 42. Kg5 f6+ 43. Kxh5 Rh3 44. Rc6+ Ke5 45. Kg6
Rxh4 46. Rxf6 Rf4 47. c5 Rxf3 48. c6 f4 49. Kf7 Rc3 50. Ke7 Kd5 51. Kd7 Ke4 52.
c7 Rxc7+ 53. Kxc7 Ke3 54. Kd6 f3 55. Re6+ Kd2 56. Ke5 f2 1/2-1/2

[Event "C.to Provinciale BG"]
[Site "Bergamo ITA"]
[Date "2004.11.12"]
[Round "6"]
[White "Mora, Paolo"]
[Black "Valsecchi, Alessio"]
[Result "1-0"]
[WhiteElo "2116"]
[BlackElo "1925"]
[PlyCount "49"]
[EventDate "2004.10.08"]

1. e4 c5 2. Nc3 Nc6 3. g3 g6 4. d3 Bg7 5. Be3 d6 6. Bg2 e6 7. Qd2 Nge7 8. Bh6
O-O 9. h4 d5 10. h5 dxe4 11. Bxg7 e3 12. Qxe3 Nf5 13. Qxc5 Kxg7 14. Nf3 Ncd4
15. Nxd4 Qxd4 16. Qxd4+ Nxd4 17. O-O-O e5 18. Rde1 f6 19. hxg6 hxg6 20. f4 exf4
21. gxf4 Rf7 22. Bd5 Rc7 23. Re8 f5 24. Bc4 a6 25. Rg8+ 1-0

[Event "C.to Provinciale BG"]
[Site "Bergamo ITA"]
[Date "2004.11.12"]
[Round "6"]
[White "Ranfagni, Stefano"]
[Black "Mangili, Riccardo"]
[Result "1-0"]
[WhiteElo "1859"]
[BlackElo "1599"]
[PlyCount "79"]
[EventDate "2004.10.08"]

1. e4 c5 2. Nf3 Nc6 3. d4 cxd4 4. Nxd4 g6 5. Be3 Bg7 6. Be2 Nf6 7. Nc3 O-O 8.
O-O d5 9. exd5 Nxd5 10. Nxd5 Nxd4 11. Bxd4 Qxd5 12. Bxg7 Qxd1 13. Raxd1 Kxg7
14. Bf3 Rb8 15. Rfe1 Be6 16. h3 Rfc8 17. c3 Rc7 18. a3 b6 19. Rd4 h5 20. h4
Rbc8 21. Bd1 b5 22. Re5 a6 23. Be2 Kf6 24. Rg5 Bf5 25. Rg3 Rc5 26. Re3 Re5 27.
Rxe5 Kxe5 28. f4+ Kf6 29. Bf3 Rc7 30. Rd8 Rc8 31. Rxc8 Bxc8 32. b4 e5 33. fxe5+
Kxe5 34. Kf2 f6 35. Ke3 Ke6 36. Kf4 Kd6 37. Be4 g5+ 38. hxg5 fxg5+ 39. Kxg5 Bg4
40. Bg6 1-0

[Event "C.to Provinciale BG"]
[Site "Bergamo ITA"]
[Date "2004.11.12"]
[Round "6"]
[White "Riggio, Mauro"]
[Black "Cattaneo, Dario"]
[Result "1-0"]
[WhiteElo "1829"]
[BlackElo "1556"]
[PlyCount "33"]
[EventDate "2004.10.08"]

1. e4 e6 2. d4 d5 3. Nc3 c5 4. exd5 exd5 5. Nf3 Nf6 6. Bg5 cxd4 7. Nxd4 Bb4 8.
Qe2+ Be7 9. Bxf6 gxf6 10. O-O-O Nd7 11. Nxd5 Ne5 12. Nb5 Bd6 13. Nxf6+ Qxf6 14.
Rxd6 Qe7 15. f4 a6 16. Nc7+ Qxc7 17. Qxe5+ 1-0

[Event "C.to Provinciale BG"]
[Site "Bergamo ITA"]
[Date "2004.11.12"]
[Round "6"]
[White "Villa, Claudio"]
[Black "Elitropi, Giorgio"]
[Result "1/2-1/2"]
[WhiteElo "1819"]
[BlackElo "1870"]
[PlyCount "40"]
[EventDate "2004.10.08"]

1. b3 e6 2. Bb2 f5 3. Nf3 Nf6 4. e3 Be7 5. c4 O-O 6. Nc3 d6 7. d4 Qe8 8. Qc2 a5
9. a3 Na6 10. Bd3 c6 11. O-O Bd7 12. e4 fxe4 13. Nxe4 Nxe4 14. Bxe4 g6 15. Rae1
Bf6 16. h4 Nc7 17. Re3 Qf7 18. g3 Qg7 19. Bc3 b5 20. Qd2 a4 1/2-1/2

[Event "C.to Provinciale BG"]
[Site "Bergamo ITA"]
[Date "2004.11.19"]
[Round "7"]
[White "Bassis, Ivano"]
[Black "Gazzetta, Marco"]
[Result "1-0"]
[WhiteElo "1841"]
[BlackElo "1631"]
[PlyCount "119"]
[EventDate "2004.10.08"]

1. e4 c5 2. Nf3 Nc6 3. Bb5 e6 4. O-O Nge7 5. c3 a6 6. Ba4 b5 7. Bc2 d5 8. d4
cxd4 9. Nxd4 Bb7 10. Bg5 Nxd4 11. Bxe7 Qxe7 12. Qxd4 dxe4 13. Bxe4 Rd8 14. Qe3
Bxe4 15. Qxe4 Qd6 16. Na3 Be7 17. Nc2 O-O 18. Ne3 Qb6 19. Rad1 Bc5 20. Rxd8
Rxd8 21. Rd1 Rxd1+ 22. Nxd1 Qd8 23. Qe2 Qd5 24. b3 Bb6 25. Nb2 Qc5 26. c4 bxc4
27. Nxc4 Qd4 28. Nxb6 Qxb6 29. Qc2 g6 30. Kf1 Qb5+ 31. Qe2 Qc6 32. Qd2 e5 33.
f3 e4 34. Qd8+ Kg7 35. Qd4+ Qf6 36. Qxe4 Qa1+ 37. Qe1 Qxa2 38. Qc3+ Kf8 39. b4
h5 40. Qc5+ Kg8 41. Qa5 Qc4+ 42. Kf2 Qc3 43. Qxa6 Qxb4 44. Qf6 Qd2+ 45. Kg3 h4+
46. Qxh4 Qe1+ 47. Kh3 Qe6+ 48. Qg4 Qd5 49. f4 Kg7 50. Kh4 Qd6 51. g3 Qf8 52.
Kh3 Qh8+ 53. Qh4 Qxh4+ 54. Kxh4 Kh6 55. g4 f5 56. gxf5 gxf5 57. Kg3 Kg6 58. Kf3
Kh6 59. Ke3 Kg6 60. Kd4 1-0

[Event "C.to Provinciale BG"]
[Site "Bergamo ITA"]
[Date "2004.11.19"]
[Round "7"]
[White "Cammarota, Vittorio"]
[Black "Mora, Lorenzo"]
[Result "1-0"]
[WhiteElo "1658"]
[BlackElo "1865"]
[PlyCount "53"]
[EventDate "2004.10.08"]

1. d4 Nf6 2. Nf3 g6 3. Bf4 Bg7 4. e3 d6 5. h3 O-O 6. Be2 Nbd7 7. O-O a6 8. c4
b6 9. b4 c5 10. a3 Bb7 11. Nc3 Re8 12. Qb3 Rb8 13. Rfd1 Qc7 14. d5 Ne5 15. Rab1
Nfd7 16. Ne4 h6 17. bxc5 Nxc5 18. Nxc5 bxc5 19. Qc2 a5 20. Nxe5 dxe5 21. Bg3 f5
22. Bf3 Qd7 23. Rb6 Kf7 24. Rdb1 Rec8 25. Qb3 Rc7 26. d6 exd6 27. Bxb7 1-0

[Event "C.to Provinciale BG"]
[Site "Bergamo ITA"]
[Date "2004.11.19"]
[Round "7"]
[White "Canova, Luca"]
[Black "Elsido, Massimo"]
[Result "0-1"]
[WhiteElo "2047"]
[BlackElo "1667"]
[PlyCount "52"]
[EventDate "2004.10.08"]

1. e4 e5 2. Nf3 Nc6 3. Bb5 a6 4. Ba4 Nf6 5. O-O b5 6. Bb3 Be7 7. Re1 O-O 8. c3
d5 9. exd5 Nxd5 10. Nxe5 Nxe5 11. Rxe5 c6 12. g3 Bd6 13. Re1 Bh3 14. Qh5 Qd7
15. Bxd5 cxd5 16. d4 Rae8 17. Be3 Bc7 18. Qd1 Re7 19. f3 Rfe8 20. Bf2 Qf5 21.
Rxe7 Rxe7 22. Nd2 Qd3 23. Nb3 Qg6 24. Qd2 Qf6 25. Re1 Qxf3 26. Be3 Rxe3 0-1

[Event "C.to Provinciale BG"]
[Site "Bergamo ITA"]
[Date "2004.11.19"]
[Round "7"]
[White "Di Mauro, Valerio"]
[Black "Mora, Aldo"]
[Result "1-0"]
[WhiteElo "1565"]
[BlackElo "1476"]
[PlyCount "43"]
[EventDate "2004.10.08"]

1. e4 e5 2. Nf3 Nc6 3. d4 exd4 4. Bc4 h6 5. Nxd4 Ne5 6. Bb3 a6 7. O-O Bc5 8. f4
Nc6 9. Bxf7+ Kxf7 10. Qh5+ g6 11. Qxc5 Nxd4 12. Qxd4 Rh7 13. Nc3 c6 14. f5 g5
15. e5 Ke8 16. Ne4 Kf8 17. Bd2 b6 18. Nd6 c5 19. Qd3 Re7 20. Rfe1 Rb8 21. f6
Re6 22. Qh7 1-0

[Event "C.to Provinciale BG"]
[Site "Bergamo ITA"]
[Date "2004.11.19"]
[Round "7"]
[White "Elitropi, Giorgio"]
[Black "Impellizzeri, Francesco"]
[Result "1/2-1/2"]
[WhiteElo "1870"]
[BlackElo "1658"]
[PlyCount "79"]
[EventDate "2004.10.08"]

1. f4 d5 2. Nf3 Nf6 3. e3 g6 4. Be2 Bg7 5. O-O O-O 6. d3 Bg4 7. c3 c5 8. h3
Bxf3 9. Bxf3 Nc6 10. d4 cxd4 11. exd4 e6 12. Qd3 Qc7 13. Na3 a6 14. Be3 b5 15.
Nc2 Na5 16. Rad1 Rfc8 17. Ne1 Nc4 18. Bc1 a5 19. a3 Bf8 20. Nc2 Rab8 21. Ne3
Nd6 22. Bd2 Nde4 23. Bxe4 Nxe4 24. Rc1 Qe7 25. Ng4 f6 26. Be1 h5 27. Nf2 f5 28.
Nxe4 fxe4 29. Qg3 Qf7 30. Bd2 Bd6 31. Qg5 Qf5 32. Qxf5 exf5 33. h4 a4 34. g3
Rc4 35. Kf2 Kf7 36. Ke3 Re8 37. Rh1 Be7 38. Rhf1 Ke6 39. Rh1 Kd7 40. Rhf1
1/2-1/2

[Event "C.to Provinciale BG"]
[Site "Bergamo ITA"]
[Date "2004.11.19"]
[Round "7"]
[White "Fiorona, Gianpietro"]
[Black "Gozzini, Giambattista"]
[Result "1-0"]
[WhiteElo "1658"]
[BlackElo "1715"]
[PlyCount "67"]
[EventDate "2004.10.08"]

1. e4 c6 2. d4 d5 3. Nc3 dxe4 4. Nxe4 Nd7 5. Ng5 Ngf6 6. Bd3 e6 7. N1f3 Bd6 8.
Qe2 O-O 9. Bd2 Qc7 10. O-O-O b5 11. Ne4 Be7 12. Nxf6+ Bxf6 13. Qe4 g6 14. h4
Bg7 15. Bf4 Qb6 16. Ne5 Nxe5 17. Bxe5 f6 18. Bd6 Re8 19. Bc5 Qb7 20. h5 f5 21.
Qh4 Kf7 22. hxg6+ hxg6 23. Qg3 Qd7 24. Rh7 Rh8 25. Rxh8 Bxh8 26. Rh1 Bg7 27.
Rh7 a5 28. Qe5 Kg8 29. Rxg7+ Qxg7 30. Qd6 Qd7 31. Qf8+ Kh7 32. Be7 Bb7 33. Qf7+
Kh6 34. Bg5+ 1-0

[Event "C.to Provinciale BG"]
[Site "Bergamo ITA"]
[Date "2004.11.19"]
[Round "7"]
[White "Gerali, Paolo"]
[Black "Ranfagni, Stefano"]
[Result "1/2-1/2"]
[WhiteElo "1611"]
[BlackElo "1859"]
[PlyCount "95"]
[EventDate "2004.10.08"]

1. Nf3 d5 2. d4 e6 3. c4 c6 4. e3 f5 5. Ne5 Nf6 6. Nd2 Bd6 7. Ndf3 Nbd7 8. cxd5
cxd5 9. Bd3 Bxe5 10. dxe5 Ng4 11. Bd2 Ngxe5 12. Nxe5 Nxe5 13. Bb5+ Bd7 14.
Bxd7+ Qxd7 15. Bc3 Nc4 16. Qh5+ Qf7 17. Qxf7+ Kxf7 18. Ke2 Rhc8 19. Rac1 g6 20.
Rc2 Nxb2 21. Rxb2 Rxc3 22. Rxb7+ Kf6 23. Rd1 h5 24. Rd3 Rc5 25. f4 a5 26. Rb6
Rac8 27. Ra6 Rb8 28. Rb3 Rxb3 29. axb3 Rb5 30. h4 Rxb3 31. Rxa5 Rb2+ 32. Kf1
Rb6 33. g3 Rd6 34. Ke2 d4 35. exd4 Rxd4 36. Ke3 Re4+ 37. Kf3 e5 38. Ra6+ Kg7
39. fxe5 Rxe5 40. Rc6 Re4 41. Ra6 Rg4 42. Re6 f4 43. Re4 Rxg3+ 44. Kxf4 Rg4+
45. Kf3 Rxe4 46. Kxe4 Kf6 47. Kf4 Kf7 48. Kf3 1/2-1/2

[Event "C.to Provinciale BG"]
[Site "Bergamo ITA"]
[Date "2004.11.19"]
[Round "7"]
[White "Gualdi, Paolo"]
[Black "Scarpellini, Felice"]
[Result "0-1"]
[WhiteElo "1529"]
[BlackElo "1742"]
[PlyCount "54"]
[EventDate "2004.10.08"]

1. e4 d6 2. d4 g6 3. Nc3 Bg7 4. Be3 c6 5. Nf3 Bg4 6. Be2 Nd7 7. Qd2 Ngf6 8. h3
Bxf3 9. Bxf3 O-O 10. Bh6 Qa5 11. O-O-O e5 12. Bxg7 Kxg7 13. Kb1 b5 14. Ne2 Qxd2
15. Rxd2 Nb6 16. b3 a5 17. dxe5 dxe5 18. Rd6 Rfc8 19. Nc1 Ne8 20. Rdd1 c5 21.
Nd3 f6 22. Nb2 c4 23. bxc4 bxc4 24. c3 a4 25. a3 Rc6 26. Rd5 Nc7 27. Rd4 Nb5
0-1

[Event "C.to Provinciale BG"]
[Site "Bergamo ITA"]
[Date "2004.11.19"]
[Round "7"]
[White "Mangili, Riccardo"]
[Black "Longo, Pietro"]
[Result "1-0"]
[WhiteElo "1599"]
[BlackElo "1757"]
[PlyCount "111"]
[EventDate "2004.10.08"]

1. e4 c5 2. Nc3 d6 3. f4 a6 4. Nf3 Nf6 5. d3 g6 6. g3 Bg7 7. Bg2 Nc6 8. O-O O-O
9. h3 Rb8 10. Bd2 e6 11. Nh4 Nh5 12. Qe1 Nd4 13. Rc1 b5 14. Kh2 Bf6 15. e5 Bxh4
16. gxh4 d5 17. Rg1 Bd7 18. Qf2 b4 19. Ne2 Nxe2 20. Qxe2 Qxh4 21. Qg4 Qf2 22.
Rcd1 Qd4 23. Bf1 Qxb2 24. Qxh5 Qxc2 25. Qf3 Qxa2 26. Rg2 b3 27. Bb4 Qa4 28.
Bxc5 Rfc8 29. d4 b2 30. Rb1 Qa2 31. Bd3 Rb3 32. Qd1 Rcb8 33. Bc2 Rc3 34. Qd2
Qc4 35. Bd1 Qd3 36. Qxd3 Rxd3 37. Rbxb2 Bb5 38. Ba4 Rf3 39. Bxb5 axb5 40. Rgf2
Rc3 41. Kg2 Rc4 42. Rf3 f6 43. Rfb3 fxe5 44. fxe5 b4 45. Rxb4 Re8 46. Rxc4 dxc4
47. Rc2 g5 48. Rxc4 Kf7 49. Rc2 Kg6 50. Rf2 h5 51. Rf6+ Kg7 52. Kf3 Kh7 53.
Rf7+ Kg8 54. Re7 Rxe7 55. Bxe7 Kf7 56. Bxg5 1-0

[Event "C.to Provinciale BG"]
[Site "Bergamo ITA"]
[Date "2004.11.19"]
[Round "7"]
[White "Nasoni, Paolo"]
[Black "Mora, Paolo"]
[Result "0-1"]
[WhiteElo "1865"]
[BlackElo "2116"]
[PlyCount "102"]
[EventDate "2004.10.08"]

1. d4 Nf6 2. c4 c5 3. d5 b5 4. cxb5 a6 5. f3 e6 6. e4 Bb7 7. Nc3 exd5 8. exd5
Qa5 9. Bd2 axb5 10. Bxb5 Qb6 11. Bc4 Bd6 12. Qb3 Qxb3 13. Bxb3 Ba6 14. Nge2 O-O
15. O-O-O c4 16. Bc2 Bc5 17. Bg5 Ne8 18. Ne4 f6 19. Bd2 Be7 20. Bc3 f5 21. d6
Bd8 22. N4g3 g6 23. h4 Bf6 24. h5 Nc6 25. hxg6 hxg6 26. Rh3 Bxc3 27. Nxc3 Nf6
28. Nge2 Kg7 29. Nf4 Ne5 30. Rg3 Kf7 31. Nh3 Nh5 32. Ng5+ Kg7 33. Rh3 Rh8 34.
g3 Bb7 35. Rf1 Kf6 36. f4 Bg2 37. fxe5+ Kxg5 38. Rhh1 Bxh1 39. Rxh1 Nxg3 40.
Re1 Rae8 41. Ba4 Rh1 42. Rxh1 Nxh1 43. Bxd7 Rxe5 44. Bc8 Kf6 45. Bb7 Ng3 46.
Nd5+ Ke6 47. Nf4+ Kxd6 48. Nxg6 Re8 49. Ba6 Kc5 50. b4+ cxb3 51. axb3 Re6 0-1

[Event "C.to Provinciale BG"]
[Site "Bergamo ITA"]
[Date "2004.11.19"]
[Round "7"]
[White "Paulicelli, Domenico"]
[Black "Villa, Claudio"]
[Result "1/2-1/2"]
[WhiteElo "1580"]
[BlackElo "1819"]
[PlyCount "100"]
[EventDate "2004.10.08"]

1. Nf3 d5 2. d4 Nf6 3. g3 c6 4. Bg2 Bf5 5. O-O Nbd7 6. c4 dxc4 7. Nc3 e6 8. Re1
Bb4 9. a3 Bxc3 10. bxc3 O-O 11. Nd2 Nb6 12. e4 Bg6 13. e5 Nfd5 14. Bb2 f6 15.
f4 fxe5 16. dxe5 Qe7 17. a4 Qc5+ 18. Kh1 Ne3 19. Ba3 Qxa3 20. Rxa3 Nxd1 21.
Rxd1 Bc2 22. Rc1 Bd3 23. a5 Nd5 24. Ne4 Rf7 25. Nc5 Bf5 26. a6 b5 27. Nb7 Rc7
28. Kg1 Rf8 29. Kf2 h6 30. Rd1 g5 31. Bxd5 exd5 32. Ke3 gxf4+ 33. gxf4 Rg7 34.
Ra2 Rg4 35. Nd6 Bd7 36. Rf1 Rh4 37. Rg1+ Kh7 38. Rag2 Be6 39. Rg7+ Kh8 40. Rxa7
Rhxf4 41. Rgg7 Bg8 42. Rab7 c5 43. Nxb5 Rf3+ 44. Kd2 Rf2+ 45. Ke1 Rf1+ 46. Ke2
R8f2+ 47. Ke3 Rf3+ 48. Ke2 R1f2+ 49. Ke1 Rf1+ 50. Ke2 R1f2+ 1/2-1/2

[Event "C.to Provinciale BG"]
[Site "Bergamo ITA"]
[Date "2004.11.19"]
[Round "7"]
[White "Stefanelli, Alfredo"]
[Black "Citerio, Fabio"]
[Result "1/2-1/2"]
[WhiteElo "1772"]
[BlackElo "1783"]
[PlyCount "120"]
[EventDate "2004.10.08"]

1. d4 Nf6 2. c4 e6 3. Nc3 d5 4. Nf3 Nc6 5. Bg5 Be7 6. e3 a6 7. Rc1 Nd7 8. Bf4
Nf6 9. Bd3 dxc4 10. Bxc4 Nd5 11. Bg3 O-O 12. a3 Nf6 13. h3 b5 14. Bd3 Bb7 15.
b4 Rc8 16. O-O h6 17. Nd2 Qd7 18. Nce4 e5 19. Nxf6+ Bxf6 20. Nb3 Ba8 21. Nc5
Qd6 22. Qg4 Qe7 23. dxe5 Nxe5 24. Bxe5 Bxe5 25. Rfd1 Rcd8 26. Nxa6 Bb2 27. Rxc7
Qf6 28. Bxb5 Rxd1+ 29. Qxd1 Rd8 30. Qc2 Bxa3 31. Bc4 Qa1+ 32. Kh2 Qe5+ 33. g3
Be4 34. Qb3 Qa1 35. Bf1 Qf6 36. Bg2 Bxg2 37. Kxg2 Rd2 38. Rc8+ Kh7 39. Qb1+ g6
40. Qe1 Rb2 41. b5 Rxb5 42. Nb8 Qe6 43. Qf1 Qe4+ 44. Kh2 Bd6 45. Nd7 Rf5 46.
Qg2 Qa4 47. Nf8+ Kg7 48. e4 Rc5 49. Rxc5 Bxc5 50. Qf3 Bxf8 51. Qc3+ Kg8 52. Qd3
Qa2 53. Kg2 Qe6 54. Qd4 Be7 55. Qe3 Kg7 56. Qc3+ Qf6 57. Qe3 Qe5 58. Qd3 Bc5
59. Qf3 Qd4 60. Qe2 60... h5 {...} 1/2-1/2

[Event "C.to Provinciale BG"]
[Site "Bergamo ITA"]
[Date "2004.11.19"]
[Round "7"]
[White "Valsecchi, Alessio"]
[Black "Begni, Carlo"]
[Result "1-0"]
[WhiteElo "1925"]
[BlackElo "1590"]
[PlyCount "81"]
[EventDate "2004.10.08"]

1. e4 c5 2. Nf3 Nc6 3. d4 cxd4 4. Nxd4 e6 5. Nc3 a6 6. Be3 Be7 7. Be2 Nf6 8.
O-O O-O 9. Nb3 d5 10. exd5 Nxd5 11. Nxd5 exd5 12. Qd2 Be6 13. Rad1 Qc7 14. f4
f5 15. Bf3 Rad8 16. Rfe1 Bf7 17. g3 Rfe8 18. Qg2 b6 19. c3 a5 20. Bxd5 Bxd5 21.
Rxd5 a4 22. Nd4 Nxd4 23. Bxd4 Bc5 24. Rxe8+ Rxe8 25. Bxc5 bxc5 26. Rxf5 c4 27.
Qd5+ Kh8 28. Qc5 Qd8 29. Rd5 Qb8 30. Qxc4 Qxb2 31. Re5 Rd8 32. Qxa4 Qb6+ 33.
Kg2 Rd2+ 34. Kh3 Qh6+ 35. Kg4 Qg6+ 36. Rg5 h5+ 37. Kh3 Qf7 38. Qa8+ Kh7 39.
Qe4+ Kh6 40. Re5 Qxa2 41. Re6+ 1-0

[Event "C.to Provinciale BG"]
[Site "Bergamo ITA"]
[Date "2004.11.26"]
[Round "8"]
[White "Bassis, Ivano"]
[Black "Gerali, Paolo"]
[Result "0-1"]
[WhiteElo "1841"]
[BlackElo "1611"]
[PlyCount "66"]
[EventDate "2004.10.08"]

1. e4 c5 2. Nf3 e6 3. d3 Nc6 4. g3 d5 5. Nbd2 g6 6. Bg2 Bg7 7. O-O Nge7 8. Re1
h6 9. e5 b6 10. c3 O-O 11. Nf1 a5 12. d4 cxd4 13. cxd4 Ba6 14. Ne3 Rc8 15. Bd2
Kh7 16. Rc1 f6 17. exf6 Bxf6 18. Ng4 Bg7 19. Nge5 Nxe5 20. Nxe5 Nf5 21. Qg4
Bxe5 22. Rxe5 Rxc1+ 23. Bxc1 Qc7 24. Bd2 Qf7 25. Bc3 Nd6 26. f4 Nf5 27. Qd1 g5
28. fxg5 hxg5 29. Qe1 Bc8 30. g4 Nh4 31. Bxd5 exd5 32. Qb1+ Kh8 33. Re2 Ba6 0-1

[Event "C.to Provinciale BG"]
[Site "Bergamo ITA"]
[Date "2004.11.26"]
[Round "8"]
[White "Begni, Carlo"]
[Black "Biava, Pierluigi"]
[Result "0-1"]
[WhiteElo "1590"]
[BlackElo "1679"]
[PlyCount "138"]
[EventDate "2004.10.08"]

1. e4 Nc6 2. Nf3 e6 3. c3 d5 4. exd5 Qxd5 5. d4 Nf6 6. Nbd2 a6 7. h3 h6 8. Bc4
Qd8 9. Qe2 Be7 10. O-O O-O 11. Ne4 Nd5 12. Bd3 f5 13. Ng3 Kh8 14. Re1 g5 15.
Bc4 b5 16. Bb3 Na5 17. Ne5 Kh7 18. Bd2 Qe8 19. Bxd5 exd5 20. b4 f4 21. Qd3+ Kg7
22. Nf1 Nc4 23. Qf3 Bb7 24. Qd3 Nd6 25. f3 Rd8 26. a4 Bc8 27. axb5 axb5 28. Ra2
Bf5 29. Qe2 Rc8 30. Nh2 Bd8 31. Ra6 Bf6 32. Nhg4 Bxg4 33. hxg4 Ra8 34. Rea1
Rxa6 35. Rxa6 Qc8 36. Ra2 Re8 37. Be1 Nc4 38. Bf2 Nxe5 39. dxe5 Bxe5 40. Qd3
Qd7 41. Bd4 Bxd4+ 42. Qxd4+ Kg8 43. Rd2 c6 44. Ra2 Qe7 45. Qf2 Qe1+ 46. Qxe1
Rxe1+ 47. Kf2 Re3 48. Rc2 Kf7 49. g3 Kg6 50. Rc1 h5 51. gxf4 gxf4 52. gxh5+
Kxh5 53. Rg1 Rxc3 54. Rg4 Rc4 55. Rg8 Rxb4 56. Ke2 Rb2+ 57. Kd3 Rf2 58. Rf8
Rxf3+ 59. Kd4 b4 60. Kc5 b3 61. Kxc6 b2 62. Rb8 Rf2 63. Kxd5 Kg4 64. Ke4 Re2+
65. Kd3 Kf3 66. Rb7 Kf2 67. Rb8 f3 68. Rb7 Ke1 69. Rh7 b1=Q+ 0-1

[Event "C.to Provinciale BG"]
[Site "Bergamo ITA"]
[Date "2004.11.26"]
[Round "8"]
[White "Citerio, Fabio"]
[Black "Paulicelli, Domenico"]
[Result "1-0"]
[WhiteElo "1783"]
[BlackElo "1580"]
[PlyCount "101"]
[EventDate "2004.10.08"]

1. d4 Nf6 2. Nc3 e6 3. e4 Bb4 4. Bd3 Nc6 5. Nge2 d5 6. e5 Ne4 7. O-O Nxc3 8.
bxc3 Be7 9. Ng3 Kd7 10. Rb1 a6 11. f4 g6 12. Be3 b5 13. a4 b4 14. c4 Ke8 15.
cxd5 exd5 16. f5 Bg5 17. Qf3 Bxe3+ 18. Qxe3 Qh4 19. Rf4 Qe7 20. Qf3 g5 21. Qxd5
gxf4 22. Qxc6+ Qd7 23. Qxa8 fxg3 24. hxg3 Qxd4+ 25. Kf1 Kd7 26. Re1 Rd8 27. f6
Ke8 28. Qc6+ Qd7 29. Qe4 Qg4 30. Qxh7 Be6 31. Bxa6 c6 32. Be2 Qxg3 33. Bf3 Bc4+
34. Be2 Qf4+ 35. Kg1 Bxe2 36. Qg8+ Kd7 37. Qxf7+ Kc8 38. Qe6+ Kc7 39. Qe7+ Kc8
40. Qc5 Qc4 41. Qxc4 Bxc4 42. Re4 Bd5 43. Rxb4 Kc7 44. Kf2 Re8 45. Rf4 Kd7 46.
c4 Be6 47. g4 Bf7 48. Re4 Ke6 49. Kf3 c5 50. Kf4 Bg6 51. Re3 1-0

[Event "C.to Provinciale BG"]
[Site "Bergamo ITA"]
[Date "2004.11.26"]
[Round "8"]
[White "Elitropi, Giorgio"]
[Black "Stefanelli, Alfredo"]
[Result "0-1"]
[WhiteElo "1870"]
[BlackElo "1772"]
[PlyCount "70"]
[EventDate "2004.10.08"]

1. b3 e5 2. Bb2 Nc6 3. e3 d5 4. Bb5 Qg5 5. Nf3 Qxg2 6. Rg1 Qh3 7. Bxe5 Qe6 8.
Nc3 Bd7 9. Bxc7 Nf6 10. Ng5 Qe7 11. Qf3 h6 12. h4 Rc8 13. Bf4 hxg5 14. hxg5 Nh5
15. Nxd5 Qc5 16. Bc4 b5 17. Qe4+ Kd8 18. d4 Qa3 19. Bd3 Nxf4 20. Qxf4 Be6 21.
Qe4 Qd6 22. Nf4 Nb4 23. Nxe6+ fxe6 24. a3 Nd5 25. Bxb5 Nc3 26. Qd3 Nxb5 27.
Qxb5 Rxc2 28. Qa5+ Qc7 29. Qxc7+ Kxc7 30. Rf1 Rh2 31. b4 Be7 32. Rd1 Ra2 33.
Rd3 Bxg5 34. Rc3+ Kd7 35. b5 Bh4 0-1